<?xml version="1.0" encoding="UTF-8"?><?xml-stylesheet type="text/xsl" href="static/style.xsl"?><OAI-PMH xmlns="http://www.openarchives.org/OAI/2.0/" xmlns:xsi="http://www.w3.org/2001/XMLSchema-instance" xsi:schemaLocation="http://www.openarchives.org/OAI/2.0/ http://www.openarchives.org/OAI/2.0/OAI-PMH.xsd"><responseDate>2026-04-14T04:10:53Z</responseDate><request verb="GetRecord" identifier="oai:www.recercat.cat:2117/354179" metadataPrefix="marc">https://recercat.cat/oai/request</request><GetRecord><record><header><identifier>oai:recercat.cat:2117/354179</identifier><datestamp>2026-02-11T13:34:46Z</datestamp><setSpec>com_2072_1033</setSpec><setSpec>col_2072_452951</setSpec></header><metadata><record xmlns="http://www.loc.gov/MARC21/slim" xmlns:dcterms="http://purl.org/dc/terms/" xmlns:xsi="http://www.w3.org/2001/XMLSchema-instance" xmlns:doc="http://www.lyncode.com/xoai" xsi:schemaLocation="http://www.loc.gov/MARC21/slim http://www.loc.gov/standards/marcxml/schema/MARC21slim.xsd">
   <leader>00925njm 22002777a 4500</leader>
   <datafield ind2=" " ind1=" " tag="042">
      <subfield code="a">dc</subfield>
   </datafield>
   <datafield ind2=" " ind1=" " tag="720">
      <subfield code="a">Apaza Llacsa, Natalí Yohana</subfield>
      <subfield code="e">author</subfield>
   </datafield>
   <datafield ind2=" " ind1=" " tag="260">
      <subfield code="c">2021-09</subfield>
   </datafield>
   <datafield ind2=" " ind1=" " tag="520">
      <subfield code="a">En el presente proyecto de la cartografía náutica electrónica en un modelo de visualización más amigable, como visualizador web o ventilador holográfico, en dos formas: la primera será utilizando el complemento qgis2threejs que nos brindará un modelo 3d, tipo maqueta el cual tiene la opción de proyectarse en un visualizador web o mediante un ventilador holográfico; y la segunda opción será utilizando el complemento qgis2web que nos brindará un modelo más general con la opción de visualizar toda la información de cada shapefile extraído de las cartas náuticas electrónicas (enc) y del open street map (osm), además de las conexiones realizadas con el seamark para ser proyectadas en un visualizador accesible y gratuito desde cualquier navegador web, el cual al pasar el cursor por cada icono se resaltará en automático y toda la información contenida en ese icono, además la información puede ser modificada, también en la parte lateral izquierda contiene u medidor de distancias, de ubicación, y de zoom sin perder la calidad de visualización, generando una considerable factibilidad en su uso, y un considerable aumento de demostraciones de diferentes proyectos que contiene una abundante información náutica.</subfield>
   </datafield>
   <datafield tag="653" ind2=" " ind1=" ">
      <subfield code="a">Àrees temàtiques de la UPC::Enginyeria civil::Geomàtica::Cartografia</subfield>
   </datafield>
   <datafield tag="653" ind2=" " ind1=" ">
      <subfield code="a">Àrees temàtiques de la UPC::Nàutica::Navegació marítima::Instrumentació i equipament per a la navegació</subfield>
   </datafield>
   <datafield tag="653" ind2=" " ind1=" ">
      <subfield code="a">Cartography</subfield>
   </datafield>
   <datafield tag="653" ind2=" " ind1=" ">
      <subfield code="a">Digital mapping</subfield>
   </datafield>
   <datafield tag="653" ind2=" " ind1=" ">
      <subfield code="a">Holograficacion</subfield>
   </datafield>
   <datafield tag="653" ind2=" " ind1=" ">
      <subfield code="a">Enc</subfield>
   </datafield>
   <datafield tag="653" ind2=" " ind1=" ">
      <subfield code="a">3d</subfield>
   </datafield>
   <datafield tag="653" ind2=" " ind1=" ">
      <subfield code="a">Cartografia electronica</subfield>
   </datafield>
   <datafield tag="653" ind2=" " ind1=" ">
      <subfield code="a">Cartografia</subfield>
   </datafield>
   <datafield tag="653" ind2=" " ind1=" ">
      <subfield code="a">Cartografia digital</subfield>
   </datafield>
   <datafield tag="653" ind2=" " ind1=" ">
      <subfield code="a">Holografia</subfield>
   </datafield>
   <datafield ind2="0" ind1="0" tag="245">
      <subfield code="a">Holograficación de cartografía  electrónica (ENC)</subfield>
   </datafield>
</record></metadata></record></GetRecord></OAI-PMH>